ARRUPE JESUIT UNIVERSITY

CORONAVIRUS -STOP THE SPREAD - CLEAN,DISINFECT,COVER

Of the nature and qualification of religion in reference to civil society / (Record no. 121139)

MARC details
000 -LEADER
fixed length control field 01711cam a22003974a 4500
001 - CONTROL NUMBER
control field 12684823
003 - CONTROL NUMBER IDENTIFIER
control field ARRUPE
005 - DATE AND TIME OF LATEST TRANSACTION
control field 20141027123209.0
008 - FIXED-LENGTH DATA ELEMENTS--GENERAL INFORMATION
fixed length control field 020214s2002 inu b 001 0 eng
010 ## - LIBRARY OF CONGRESS CONTROL NUMBER
LC control number 2002022575
020 ## - INTERNATIONAL STANDARD BOOK NUMBER
International Standard Book Number 0865973709 (hc : alk. paper)
020 ## - INTERNATIONAL STANDARD BOOK NUMBER
International Standard Book Number 0865973717 (pbk.)
035 ## - SYSTEM CONTROL NUMBER
System control number (DLC) 2002022575
035 ## - SYSTEM CONTROL NUMBER
System control number (DLC)741
040 ## - CATALOGING SOURCE
Original cataloging agency DLC
Transcribing agency DLC
Modifying agency DLC
041 1# - LANGUAGE CODE
Language code of text/sound track or separate title eng
Language code of original and/or intermediate translations of text lat
042 ## - AUTHENTICATION CODE
Authentication code pcc
050 00 - LIBRARY OF CONGRESS CALL NUMBER
Classification number BV629
Item number .P8413 2002
082 00 - DEWEY DECIMAL CLASSIFICATION NUMBER
Classification number 322/.1
Edition number 21
300 ## - PHYSICAL DESCRIPTION
Dimensions 24 cm.
100 1# - MAIN ENTRY--PERSONAL NAME
Personal name Pufendorf, Samuel,
Titles and other words associated with a name Freiherr von,
Dates associated with a name 1632-1694.
9 (RLIN) 12142
240 10 - UNIFORM TITLE
Uniform title <a href="De habitu religionis Christianae ad vitam civilem.">De habitu religionis Christianae ad vitam civilem.</a>
Language of a work English
245 10 - TITLE STATEMENT
Title Of the nature and qualification of religion in reference to civil society /
Statement of responsibility, etc Samuel von Pufendorf ; translated by J. Crull ; edited and with an introduction by Simone Zurbuchen.
260 ## - PUBLICATION, DISTRIBUTION, ETC. (IMPRINT)
Place of publication, distribution, etc Indianapolis, Ind. :
Name of publisher, distributor, etc Liberty Fund,
Date of publication, distribution, etc c2002.
300 ## - PHYSICAL DESCRIPTION
Extent xx, 158 p. ;
440 #0 - SERIES STATEMENT/ADDED ENTRY--TITLE
Title Natural law and enlightenment classics
9 (RLIN) 12143
490 1# - SERIES STATEMENT
Series statement The works of Samuel von Pufendorf
504 ## - BIBLIOGRAPHY, ETC. NOTE
Bibliography, etc Includes bibliographical references (p. 141-143) and index.
650 #0 - SUBJECT ADDED ENTRY--TOPICAL TERM
Topical term or geographic name as entry element Church and state
Form subdivision Early works to 1800.
9 (RLIN) 12256
650 #0 - SUBJECT ADDED ENTRY--TOPICAL TERM
Topical term or geographic name as entry element Religion and civil society
Form subdivision Early works to 1800.
9 (RLIN) 12257
700 1# - ADDED ENTRY--PERSONAL NAME
Personal name Crull, Jodocus,
Dates associated with a name -1713?
9 (RLIN) 12258
700 1# - ADDED ENTRY--PERSONAL NAME
Personal name Zurbuchen, Simone.
9 (RLIN) 12259
800 1# - SERIES ADDED ENTRY--PERSONAL NAME
Personal name Pufendorf, Samuel,
Titles and other words associated with a name Freiherr von,
Dates associated with a name 1632-1694.
Title of a work Works.
Language of a work English.
Date of a work 2002.
9 (RLIN) 12260
906 ## - LOCAL DATA ELEMENT F, LDF (RLIN)
a 7
b cbc
c orignew
d 1
e ocip
f 20
g y-gencatlg
942 ## - ADDED ENTRY ELEMENTS (KOHA)
Source of classification or shelving scheme Library of Congress Classification
Koha item type Monograph ( Printed materials)
Holdings
Withdrawn status Lost status Source of classification or shelving scheme Damaged status Not for loan Collection code Home library Current library Shelving location Date acquired Total Checkouts Full call number Barcode Date last seen Price effective from Koha item type
    Library of Congress Classification     Main Collection ARRUPE LIBRARY ARRUPE LIBRARY Main Collection 27/10/2014   BV629 .P8413 2002 46500001305 24/01/2017 27/10/2014 Monograph ( Printed materials)

 

Arrupe Library. PO Box MP320 Mt Pleasant, Harare, Zimbabwe
263 242 745411|librarian@aju.ac.zw